Films de Terrence Malick par images - Statistiques

Statistiques générales
  • Ce quiz a été pris 106 fois
  • Le résultat moyen est 4 sur 10
Statistiques - réponses
Par images Réponse % Correct
La Ligne rouge
92%
The Tree of Life
79%
Les Moissons du ciel
50%
Le Nouveau Monde
40%
Une vie cachée
37%
La Balade sauvage
34%
Knight of Cups
29%
À la merveille
24%
Song to Song
24%
Voyage of Time : Au fil de la vie
14%
Aucun quiz correspondant
Distribution des résultats
% des personnes avec chaque résultat
Percentile par nombre de réponses
Votre historique - résultats
Vous n’avez pas pris ce quiz